Implementación de un sistema de control automático para un biorreactor utilizando un controlador lógico programable

Guardado en:
Bibliografiske detaljer
Hovedforfatter: Molina Montes de Oca, Daniel
Format: Bog
Udgivet: San José, C.R. 1998
Fag:
Tags: Tilføj Tag
Ingen Tags, Vær først til at tagge denne postø!

MARC

LEADER 00000nam a2200000Ia 4500
003 004166
005 20221231144223.0
008 140114s1998 cr a m 000 ||s d
040 |c cru CEDI 
090 |a TFG 3860 
100 |a Molina Montes de Oca, Daniel  |9 9019 
245 |a Implementación de un sistema de control automático para un biorreactor utilizando un controlador lógico programable 
260 |c 1998  |a  San José, C.R. 
300 |a  xii, 130 hojas : ilustraciones (algunas a color)  
500 |a  Proyecto de graduación (licenciatura en ingeniería química)--Universidad de Costa Rica. Facultad de Ingeniería. Escuela de Ingeniería Química 
650 |x CONTROL AUTOMATICO   |x  PROGRAMAS PARA COMPUTADORA   |x BIORREACTORES  |9 9020 
942 |c TFG 
999 |c 18635  |d 18635